000 01089nam a2200301 a 4500
005 20080820131943.0
008 060418s2006 caua |s 001 0 eng d
010 _aENG-91171
020 _a9780070669130
_c225.00
020 _a0070669139
035 _aEN-74704
037 _bDBAD / PUB
040 _adpl
_bEnglish
082 _a511.1
100 _aLiu, Chung Laung
245 _aElements of discrete mathematics /
_cby Chung Laung Liu [and] Durga Prasad Mohapatra
_ba computer oriented aproach /
250 _a3rd ed.
260 _aNew Delhi
_bTata McGraw-Hill Publishing
_c2008
270 _a7 West Patel Nagar,
_bNew Delhi
_e110008
300 _axviii, 547p.
_c23cm (pbk)
500 _aIncludes index
650 _aMathematics
650 _2Computer science
_xMathematics
700 _aMohapatra, Durga Prasad
942 _2ddc
_cEN
_mLIU
_h511.1
999 _c16287
_d16287